Effective performance in project management (Бичлэгийн дугаар. 145620)
| 000 -УДИРДЛАГА | |
|---|---|
| Удирдлага | 00791nam a22002777a 4500 |
| 003 - ХЯНАЛТЫН ТОО ТОДОРХОЙЛОГЧ | |
| Код | MN-UlNUM |
| 005 - БИЧИЛТ ХИЙСЭН ОГНОО | |
| Тухайн бичилтийг бичсэн засварласан сүүлийн огноо | 20251117094203.0 |
| 008 - ЕРӨНХИЙ МЭДЭЭЛЭЛ | |
| Ерөнхий мэдээлэл | 251117s1989 sw 001 0 eng d |
| 020 ## - ISBN | |
| ISBN | 9176522141 |
| 040 ## - БИЧЛЭГ ҮҮСГЭГЧ БАЙГУУЛЛАГА | |
| Бичлэг үүсгэгч номын сангийн код | МУИС-ийн номын сан |
| 084 ## - ББК АНГИЛАЛ | |
| Нэмэлт тусгалт | Гарын авлага |
| ББК ангилал | 65.290-2 |
| Зохиогчийн гурван тэмдэгт | W 77 |
| Мэдлэгийн ялгаа | 65 - Эдийн засаг |
| 100 ## - ЗОХИОГЧ | |
| Зохиогчийн нэр | Wisén, Jan |
| 245 ## - ҮНДСЭН ГАРЧИГ | |
| Номын нэр | Effective performance in project management |
| 260 ## - ГАРАЛТЫН МЭДЭЭ | |
| Хэвлэгдсэн газар | Sweden, Stockholm |
| Хэвлэлийн газар | SIPU |
| Хэвлэгдсэн он | 1989 |
| 300 ## - МАТЕРИАЛЫН ТОДОРХОЙЛОЛТ | |
| хуудасны тоо | 127 pages.(127 p.) : |
| Бусад тоон мэдээлэл | ill. ; |
| Хэмжээ | 27 cm |
| 500 ## - Тайлбар | |
| Дансны дугаар | БС 3905 |
| 546 ## - ХЭЛНИЙ ТУХАЙ МЭДЭЭ | |
| Хэл | Англи хэл дээр, |
| 653 ## - Түлхүүр үг | |
| Түлхүүр үг | project administration |
| 653 ## - Түлхүүр үг | |
| Түлхүүр үг | management |
| 700 ## - ХАМ ЗОХИОГЧИД | |
| Ба бус | Lindblom, Börje |
| 740 ## - НОМЫН ГАРЧИГ | |
| Гарчиг | The Project |
| 740 ## - НОМЫН ГАРЧИГ | |
| Гарчиг | Generating ideas and conducting preparatory research |
| 740 ## - НОМЫН ГАРЧИГ | |
| Гарчиг | Directives as a commisisioning order |
| 942 ## - ЭЛЕМЕНТИЙН ТӨРӨЛ | |
| Зүйлийн төрөл | Ном |
